Flaggen mit Beschreibung - Statistiken

Allgemein
  • Dieses Quiz wurde 125 mal gespielt
  • Das Durchschnittsergebnis liegt bei 6 aus 15
Antwortstatistiken
Hint Antwort % Korrekt
Die Flagge besteht aus einem weissen Kreuz auf rotem Hintergrund. Das weisse Kreuz ist ein aufrechtes, gleicharmiges Kreuz, das sich nicht ganz über die gesamte Breite und Länge der Flagge erstreckt. Schweiz
98%
Die Flagge besteht aus einem blauen Hintergrund mit einem gelben Kreuz, das sich über die gesamte Breite und Länge der Flagge erstreckt. Schweden
81%
Die Flagge besteht aus drei horizontalen Streifen in den Farben Hellblau (oben), Weiss (in der Mitte) und Hellblau (unten). In der Mitte des weissen Streifens befindet sich die Sonne von Mai, auch bekannt als "Sol de Mayo", ein gelbes Emblem mit einem menschlichen Gesicht und einem Strahlenkranz. Argentinien
65%
Die Flagge ist Rot. Im linken oberen Eck ist ein grosser fünfzackiger gelber Stern, der bogenförmig von vier kleineren Sternen umrahmt wird. China
55%
Die Flagge zeigt einen gelben Stern mit fünf Zacken vor rotem Hintergrund. Vietnam
49%
Die Flagge besteht aus einer halbliegenden weissen Mondsichel mit einem weissen fünfzackigen Stern vor dunkelgrünem Hintergrund. Am linken Flaggenrand befindet sich ein breiter weisser Streifen. Pakistan
42%
Die Flagge besteht aus zwei Teilen, welche durch eine Diagonale geteilt werden. Im oberen rechten Dreieck zeigt die Flagge auf rotem Grund den Paradiesvogel. Das untere linke Feld zeigt auf schwarzem Grund das Sternebild Kreuz des Südens. Papua-Neuguinea
38%
Die Flagge besteht aus drei horizontalen Streifen in den Farben Gelb (oben), Grün (in der Mitte) und Rot (unten). Die Farben sind gleich breit. Litauen
36%
Die Flagge besteht aus vier Rechtecken, weiss-rot oben, mit einem blauen Stern in der weissen Fläche und blau-weiss unten, mit einem roten Stern in der weissen Fläche. Panama
34%
Die Flagge besteht aus sechs horizontalen Streifen wiederholend in den Farben Schwarz, Gelb und Rot. In der Mitte der Flagge ist ein Kronenkranich auf weissem Grund zu sehen. Uganda
34%
Die Flagge besteht aus zwei horizontalen Streifen: ein roter Streifen oben und ein grüner, schmalerer Streifen unten. An der Mastseite befindet sich ein weisses Ornament, das oft als ein traditionelles Muster oder als ein Ornament in Form eines Pflanzenblattes dargestellt wird. Belarus
32%
Die Flagge ist diagonal geteilt und zeigt in der Mitte einen weissen flügellosen Drachen. Der obere Teil ist safrangelb und der untere Teil der Fahne ist orangerot. Bhutan
32%
Die Flagge zeigt ein dunkelblaues Kreuz mit weisser Kontur auf rotem Grund. Norwegen
31%
Die Flagge besteht aus sieben gleich breiten horizontalen Streifen in den Farben Grün, Gelb, Rot, Schwarz, Rot, Gelb und Grün. In der linken oberen Ecke der Flagge befindet sich ein weisses gleichseitiges Dreieck mit einem roten Stern darin. Im Vordergrund des Sterns befindet sich ein stilisiertes gelbes Vogel-Emblem. Simbabwe
11%
Die Flagge setzt sich aus den Farben Rot, Gelb und Grün zusammen. Sie besteht aus zwei horizontalen Streifen in Gelb und Grün, mastnah werden sie von einem breiten, vertikal verlaufenden, roten Streifen überdeckt, in dessen Mitte sich ein schwarzer fünfzackigen Stern befindet. Guinea- Bissau
9%
Keine übereinstimmenden Quizze gefunden
Verteilung der Resultate
Anzahl Personen mit jedem Resultat
Perzentil nach korrekt beantworteten Fragen
Ihre Resultats-Entwicklung
Sie haben dieses Quiz noch nicht gespielt